000 00538nam a2200181Ia 4500
008 240729s9999 xx 000 0 und d
022 _a2541-5832
245 0 _aLontar Komputer
260 _aIndonesia
260 _bUdayana University, Institute for Research and Community Services
650 _a Electronic computers. Computer science
650 _a Instruments and machines
650 _a Mathematics
650 _aScience
856 _uhttps://doaj.org/toc/ff30ccd435a04b8ea4b73a0474fc890b
942 _2ddc
942 _cDOAJEJ
999 _c73039
_d73039
945 _a1
_bMadushi Gamage
_c1
_dMadushi Gamage